[Event "14th EUR-ch"]
[Site "Minsk BLR"]
[Date "2017.06.03"]
[Round "5.6"]
[White "Riazantsev, Alexander"]
[Black "Mastrovasilis, Dimitrios"]
[Result "1/2-1/2"]
[WhiteElo "2659"]
[BlackElo "2580"]
[EventDate "2017.05.30"]
[PlyCount "31"]

1.d4 d5 2.c4 e6 3.Nf3 Nf6 4.Nc3 a6 5.cxd5 exd5 6.Bg5 Be6 7.e3 Nbd7 8.Bd3 
h6 9.Bf4 g5 10.Bg3 Nh5 11.Be5 Ng7 12.h3 Nxe5 13.Nxe5 Bd6 14.O-O c6 15.Rc1 
h5 16.e4 1/2-1/2

[Event "14th EUR-ch"]
[Site "Minsk BLR"]
[Date "2017.06.03"]
[Round "5.7"]
[White "Melkumyan, Hrant"]
[Black "Khismatullin, Denis"]
[Result "1-0"]
[WhiteElo "2613"]
[BlackElo "2651"]
[EventDate "2017.05.30"]
[PlyCount "75"]

1.d4 Nf6 2.c4 e6 3.g3 d5 4.Bg2 dxc4 5.Nf3 Bb4+ 6.Bd2 a5 7.a3 Be7 8.Qa4+ 
Bd7 9.Qxc4 Bc6 10.Nc3 Ne4 11.O-O Nd7 12.Rfd1 O-O 13.Bf4 Nxc3 14.Qxc3 Nb6 
15.Qd3 Nd5 16.Bd2 Nf6 17.Ne5 Bxg2 18.Kxg2 Qd5+ 19.f3 Rfd8 20.Bc3 b5 21.e4 
Qb7 22.a4 b4 23.Be1 c5 24.Qb5 Qxb5 25.axb5 cxd4 26.Nc6 Rd7 27.Nxe7+ Rxe7 
28.Bxb4 Rd7 29.Rxa5 Rxa5 30.Bxa5 Kf8 31.Rc1 Rb7 32.b6 Ke7 33.Kf2 e5 34.Ke2
Kd7 35.Kd3 Ne8 36.Rc5 Kd6 37.Rd5+ Ke6 38.f4 1-0

[Event "14th EUR-ch"]
[Site "Minsk BLR"]
[Date "2017.06.03"]
[Round "5.9"]
[White "Shimanov, Aleksandr"]
[Black "Bocharov, Dmitry"]
[Result "1/2-1/2"]
[WhiteElo "2642"]
[BlackElo "2574"]
[EventDate "2017.05.30"]
[PlyCount "39"]

1.Nf3 d5 2.d4 Nf6 3.c4 e6 4.Nc3 Be7 5.Bf4 O-O 6.e3 b6 7.Qc2 c5 8.Rd1 Bb7 
9.dxc5 bxc5 10.cxd5 exd5 11.Be2 Nbd7 12.O-O Rc8 13.Ne5 Nb6 14.Bf3 Bd6 15.
Qf5 Re8 16.Nd3 g6 17.Qg5 Ba6 18.Bxd6 Qxd6 19.Ne2 Nc4 20.Ng3 1/2-1/2

[Event "14th EUR-ch"]
[Site "Minsk BLR"]
[Date "2017.06.03"]
[Round "5.10"]
[White "Paichadze, Luka"]
[Black "Navara, David"]
[Result "1/2-1/2"]
[WhiteElo "2568"]
[BlackElo "2739"]
[EventDate "2017.05.30"]
[PlyCount "64"]

1.e4 c5 2.Nf3 d6 3.d4 cxd4 4.Qxd4 Nf6 5.Nc3 Nc6 6.Bb5 Bd7 7.Bxc6 Bxc6 8.
Bg5 e6 9.O-O-O Be7 10.Bxf6 Bxf6 11.Qxd6 Qxd6 12.Rxd6 Bxc3 13.bxc3 Bxe4 14.
Ne5 Rc8 15.c4 Bxg2 16.Rg1 Bc6 17.Rxg7 Ke7 18.Rd4 Kf6 19.Rxf7+ Kxe5 20.c3 
Bd5 21.f4+ Kd6 22.cxd5 Rxc3+ 23.Kd2 Rh3 24.dxe6+ Kxe6 25.Rdd7 Rg8 26.Rde7+
Kd5 27.Rd7+ Ke6 28.Rde7+ Kd6 29.Rd7+ Kc6 30.Rc7+ Kd6 31.Rcd7+ Kc6 32.Rc7+ 
Kd6 1/2-1/2

[Event "14th EUR-ch"]
[Site "Minsk BLR"]
[Date "2017.06.03"]
[Round "5.11"]
[White "Andreikin, Dmitry"]
[Black "Bok, Benjamin"]
[Result "1/2-1/2"]
[WhiteElo "2723"]
[BlackElo "2598"]
[EventDate "2017.05.30"]
[PlyCount "31"]

1.e4 c5 2.Nc3 d6 3.Nge2 Nf6 4.g3 g6 5.Bg2 Bg7 6.d4 cxd4 7.Nxd4 O-O 8.h3 
Nc6 9.Be3 Nxd4 10.Bxd4 Bd7 11.Qe2 Rc8 12.O-O Bc6 13.e5 dxe5 14.Bxe5 Qb6 
15.a4 Bxg2 16.Kxg2 1/2-1/2

[Event "14th EUR-ch"]
[Site "Minsk BLR"]
[Date "2017.06.03"]
[Round "5.13"]
[White "Tomashevsky, Evgeny"]
[Black "Buhmann, Rainer"]
[Result "1-0"]
[WhiteElo "2696"]
[BlackElo "2596"]
[EventDate "2017.05.30"]
[PlyCount "163"]

1.c4 e6 2.Nc3 Nf6 3.d4 Bb4 4.e3 b6 5.Bd2 O-O 6.Nf3 d5 7.cxd5 exd5 8.Bd3 
Bb7 9.O-O Nbd7 10.Rc1 a6 11.Ne5 c5 12.a3 Bxc3 13.Bxc3 Nxe5 14.dxe5 Ne4 15.
Bxe4 dxe4 16.Qg4 Qe7 17.Rfd1 Rad8 18.Rd6 h5 19.Qxh5 Rxd6 20.exd6 Qxd6 21.
Qg4 f6 22.Rd1 Bd5 23.h4 Qe6 24.Qxe6+ Bxe6 25.Rd6 Kf7 26.Rxb6 Bc4 27.Rb7+ 
Kg6 28.Kh2 Rd8 29.Rc7 Rd5 30.Kg3 Be2 31.Ba5 Kh6 32.Bc3 Bb5 33.Re7 Bd3 34.
Re6 Kh5 35.Kh3 Kg6 36.Re7 Rf5 37.Kg3 Rd5 38.a4 Bc2 39.Re6 Bd3 40.Rc6 Be2 
41.Rc7 Bd1 42.Re7 Bc2 43.Re6 Bd3 44.f3 exf3 45.gxf3 Be2 46.Kf2 Bc4 47.Rc6 
Rd1 48.Rxc5 Rf1+ 49.Kg2 Be2 50.h5+ Kh6 51.Rf5 Ra1 52.e4 Rxa4 53.Bd2+ Kh7 
54.h6 Rc4 55.Kf2 Bd1 56.hxg7 Kxg7 57.Bc3 Rc6 58.Rd5 Bb3 59.Rd7+ Kf8 60.Rb7
Bd1 61.Ke3 Ke8 62.f4 Bc2 63.f5 Rc4 64.Bd4 Rc6 65.Rh7 Ba4 66.b4 Kf8 67.Rb7 
Bb3 68.Bc5+ Kg8 69.Kd4 Ba2 70.Re7 Bb3 71.Ra7 Kh8 72.Ke3 Kg8 73.Kf4 Bc4 74.
Ke3 Bb3 75.Kd4 Bf7 76.e5 fxe5+ 77.Kxe5 Kg7 78.Kf4 Rh6 79.Kg4 Rc6 80.Kg5 
Rc8 81.Rxa6 Rb8 82.Ra7 1-0

[Event "14th EUR-ch"]
[Site "Minsk BLR"]
[Date "2017.06.03"]
[Round "5.14"]
[White "Prohaszka, Peter"]
[Black "Mamedov, Rauf"]
[Result "1/2-1/2"]
[WhiteElo "2596"]
[BlackElo "2689"]
[EventDate "2017.05.30"]
[PlyCount "21"]

1.d4 Nf6 2.c4 g6 3.g3 c6 4.Bg2 d5 5.cxd5 cxd5 6.Nc3 Bg7 7.Nf3 O-O 8.Ne5 
Bf5 9.O-O Ne4 10.Bf4 Nc6 11.Nxc6 1/2-1/2

[Event "14th EUR-ch"]
[Site "Minsk BLR"]
[Date "2017.06.03"]
[Round "5.15"]
[White "Howell, David"]
[Black "Beliavsky, Alexander"]
[Result "1-0"]
[WhiteElo "2684"]
[BlackElo "2589"]
[EventDate "2017.05.30"]
[PlyCount "75"]

1.e4 e5 2.Nf3 Nc6 3.Bc4 Bc5 4.O-O Nf6 5.d3 d6 6.c3 O-O 7.h3 a6 8.a4 Ba7 9.
Re1 Ne7 10.Nbd2 Ng6 11.Nf1 c6 12.Ba2 Be6 13.Bxe6 fxe6 14.Be3 Bxe3 15.Rxe3 
Qe7 16.Ng3 Rad8 17.d4 exd4 18.cxd4 d5 19.Qb3 Nf4 20.e5 Ne8 21.h4 Ng6 22.
Qa3 Rd7 23.Qxe7 Nxe7 24.Rb3 h6 25.Ne2 Nc8 26.Ne1 g5 27.hxg5 hxg5 28.Rg3 
Rg7 29.Nf3 Rf5 30.Rg4 Ne7 31.Rd1 Kh7 32.Ng3 Kh6 33.Nxf5+ Nxf5 34.Rd3 Rg6 
35.Rb3 Rg7 36.Nh2 b5 37.Rh3+ Kg6 38.Nf3 1-0

[Event "14th EUR-ch"]
[Site "Minsk BLR"]
[Date "2017.06.03"]
[Round "5.16"]
[White "Areschenko, Alexander"]
[Black "Deac, Bogdan-Daniel"]
[Result "1/2-1/2"]
[WhiteElo "2677"]
[BlackElo "2572"]
[EventDate "2017.05.30"]
[PlyCount "58"]

1.e4 e5 2.Nf3 Nc6 3.Bc4 Nf6 4.d3 Bc5 5.O-O O-O 6.h3 d6 7.c3 h6 8.Re1 a5 9.
Nbd2 a4 10.Nf1 Ra5 11.a3 Re8 12.Ng3 Bb6 13.Be3 Bxe3 14.fxe3 Be6 15.Bxe6 
fxe6 16.Rf1 d5 17.Qe2 dxe4 18.Nxe4 Nxe4 19.dxe4 Qe7 20.Rf2 Nd8 21.Raf1 Rf8
22.Kh2 b6 23.Nh4 Rxf2 24.Qxf2 Kh7 25.Qg3 Qg5 26.Qe1 Rb5 27.Qe2 Ra5 28.Qe1 
Rb5 29.Qe2 Ra5 1/2-1/2

[Event "14th EUR-ch"]
[Site "Minsk BLR"]
[Date "2017.06.03"]
[Round "5.17"]
[White "Rakhmanov, Alexander"]
[Black "Gabuzyan, Hovhannes"]
[Result "1/2-1/2"]
[WhiteElo "2676"]
[BlackElo "2570"]
[EventDate "2017.05.30"]
[PlyCount "83"]

1.Nf3 c5 2.c4 Nf6 3.Nc3 e6 4.g3 b6 5.Bg2 Bb7 6.O-O Be7 7.d4 cxd4 8.Qxd4 d6
9.Bg5 a6 10.Bxf6 Bxf6 11.Qf4 O-O 12.Rfd1 Be7 13.Ne4 Bxe4 14.Qxe4 Ra7 15.
Nd4 Rc7 16.b3 Qc8 17.e3 Bf6 18.a4 Nd7 19.Rab1 Nc5 20.Qf3 Rd8 21.Nc6 Rdd7 
22.h4 a5 23.Nd4 Rd8 24.Nc6 Rdd7 25.Nd4 Rd8 26.Nb5 Rcd7 27.Qe2 Na6 28.Rbc1 
Qc5 29.Rd2 Nb4 30.Rcd1 g6 31.Kh2 Kg7 32.e4 Nc6 33.Bh3 Na7 34.Nxa7 Rxa7 35.
f4 Rc7 36.Rd3 h5 37.Bg2 Qb4 38.e5 Be7 39.Qd2 Qxd2 40.R1xd2 Bf8 41.Be4 Rdc8
42.exd6 1/2-1/2

[Event "14th EUR-ch"]
[Site "Minsk BLR"]
[Date "2017.06.03"]
[Round "5.18"]
[White "Anton Guijarro, David"]
[Black "Bortnyk, Olexandr"]
[Result "1-0"]
[WhiteElo "2660"]
[BlackElo "2567"]
[EventDate "2017.05.30"]
[PlyCount "57"]

1.d4 Nf6 2.c4 b6 3.f3 Bb7 4.e4 e6 5.Nc3 Bb4 6.Bd3 O-O 7.Ne2 d5 8.cxd5 exd5
9.e5 Nfd7 10.a3 Be7 11.Qc2 h6 12.Nf4 Bg5 13.O-O c5 14.Nfe2 cxd4 15.f4 dxc3
16.fxg5 cxb2 17.Bxb2 Qxg5 18.Nf4 Qe7 19.Bh7+ Kh8 20.e6 Rc8 21.Qf5 Nf6 22.
exf7 Qxf7 23.Bxf6 gxf6 24.Ng6+ Kg7 25.Ne5 Qe8 26.Rae1 Nc6 27.Qxf6+ Kxh7 
28.Nxc6 Rxc6 29.Re7+ 1-0

[Event "14th EUR-ch"]
[Site "Minsk BLR"]
[Date "2017.06.03"]
[Round "5.20"]
[White "Antipov, Mikhail"]
[Black "Grachev, Boris"]
[Result "1-0"]
[WhiteElo "2576"]
[BlackElo "2658"]
[EventDate "2017.05.30"]
[PlyCount "95"]

1.e4 c5 2.Nf3 e6 3.b3 Nc6 4.Bb2 d5 5.Bb5 Nf6 6.e5 Nd7 7.Bxc6 bxc6 8.d3 a5 
9.Nc3 Ba6 10.O-O Be7 11.Re1 O-O 12.Qd2 Nb6 13.Rad1 Qc7 14.Ne2 c4 15.Ng3 
cxd3 16.cxd3 Nd7 17.Nh5 Qd8 18.Qf4 Bc8 19.Qg4 g6 20.Bc1 f5 21.exf6 Nxf6 
22.Nxf6+ Bxf6 23.Bh6 Bg7 24.Bxg7 Kxg7 25.Qd4+ Qf6 26.Ne5 Bd7 27.Qe3 Be8 
28.Ng4 Qf4 29.Qxe6 h5 30.Qe5+ Kg8 31.Qxf4 Rxf4 32.Ne5 a4 33.Rc1 axb3 34.
axb3 Ra2 35.Nxc6 Rfxf2 36.Rxe8+ Kh7 37.Nd4 Rxg2+ 38.Kf1 Raf2+ 39.Ke1 Kh6 
40.h4 Rf7 41.Ne6 g5 42.Rc6 Rg1+ 43.Ke2 Rg2+ 44.Ke3 Rg3+ 45.Kd4 gxh4 46.
Nd8+ Kg7 47.Nxf7 h3 48.Ne5 1-0

[Event "14th EUR-ch"]
[Site "Minsk BLR"]
[Date "2017.06.03"]
[Round "5.21"]
[White "Kovalenko, Igor"]
[Black "Kriakvin, Dmitry"]
[Result "1-0"]
[WhiteElo "2657"]
[BlackElo "2560"]
[EventDate "2017.05.30"]
[PlyCount "91"]

1.c4 Nf6 2.Nc3 e6 3.Nf3 Bb4 4.Qc2 c5 5.a3 Ba5 6.e3 Nc6 7.b3 O-O 8.Bb2 e5 
9.Bd3 Bxc3 10.Bxc3 d6 11.O-O h6 12.b4 Re8 13.b5 Na5 14.Be2 b6 15.e4 Nh5 
16.g3 Bg4 17.d3 Nf6 18.Kh1 a6 19.a4 axb5 20.axb5 Nh7 21.Ng1 Bxe2 22.Nxe2 
Nf6 23.h3 Nb7 24.Kh2 Qc7 25.f4 Nd7 26.f5 f6 27.Bd2 Reb8 28.Nc3 Qd8 29.Nd5 
Rxa1 30.Rxa1 Ra8 31.Ra6 Kh7 32.Qa4 Na5 33.Bxa5 bxa5 34.Rxa8 Qxa8 35.b6 Nf8
36.Nc7 Qb8 37.Qxa5 Nd7 38.Nd5 Qe8 39.g4 h5 40.b7 hxg4 41.hxg4 Kh6 42.Kg3 
Qh8 43.Qd2+ g5 44.Qh2+ Kg7 45.Qxh8+ Kxh8 46.Nxf6 1-0

[Event "14th EUR-ch"]
[Site "Minsk BLR"]
[Date "2017.06.03"]
[Round "5.22"]
[White "Abasov, Nijat"]
[Black "Berkes, Ferenc"]
[Result "1/2-1/2"]
[WhiteElo "2575"]
[BlackElo "2654"]
[EventDate "2017.05.30"]
[PlyCount "98"]

1.e4 c5 2.Nf3 e6 3.g3 b6 4.Nc3 Bb7 5.Bg2 Ne7 6.d4 cxd4 7.Nxd4 d6 8.Bg5 Qd7
9.Qe2 h6 10.Be3 Nec6 11.O-O-O Nxd4 12.Rxd4 Nc6 13.Rd2 Na5 14.Rhd1 Rc8 15.
Qb5 Nc4 16.Qxd7+ Kxd7 17.Rd3 Nxe3 18.Rxe3 a6 19.Red3 Be7 20.Kb1 g5 21.Na4 
Kc7 22.e5 Bxg2 23.exd6+ Bxd6 24.Rxd6 Bc6 25.Nc3 h5 26.R6d4 h4 27.Ne4 hxg3 
28.hxg3 Rh2 29.Nxg5 Rxf2 30.Rf4 Rxf4 31.gxf4 Rf8 32.b3 Bd7 33.Rh1 Kd6 34.
Rh7 Ke7 35.Nf3 Bc6 36.Ng5 Kf6 37.Rh6+ Kg7 38.Rxe6 fxe6 39.Nxe6+ Kf7 40.
Nxf8 Kxf8 41.Kb2 Ke7 42.c4 Be4 43.Kc3 Kd6 44.a4 Bc6 45.a5 bxa5 46.b4 a4 
47.b5 Bxb5 48.Kb2 Kc5 49.f5 Bxc4 1/2-1/2

[Event "14th EUR-ch"]
[Site "Minsk BLR"]
[Date "2017.06.03"]
[Round "5.23"]
[White "Gelashvili, Tamaz"]
[Black "Siugirov, Sanan"]
[Result "1-0"]
[WhiteElo "2563"]
[BlackElo "2654"]
[EventDate "2017.05.30"]
[PlyCount "91"]

1.c4 Nf6 2.Nc3 e5 3.Nf3 Nc6 4.e4 Bb4 5.d3 d6 6.a3 Bxc3+ 7.bxc3 Nd7 8.d4 
O-O 9.Bd3 b6 10.O-O Na5 11.Bg5 Qe8 12.Nd2 c5 13.d5 f6 14.Be3 Rf7 15.g3 Nf8
16.f4 exf4 17.gxf4 f5 18.Qf3 Ng6 19.Rae1 Qf8 20.Qh5 Rf6 21.e5 dxe5 22.fxe5
Nxe5 23.Bg5 Nxd3 24.Re8 Bd7 25.Rxf8+ Rfxf8 26.Rf3 Be8 27.Qh4 Ne5 28.Rh3 h6
29.Bxh6 Ng6 30.Qg5 Rb8 31.Bxg7 Kxg7 32.Qh6+ Kf6 33.Nf3 Nxc4 34.Rg3 Ke7 35.
h4 f4 36.Rg5 Bf7 37.Rf5 Nd6 38.Qg5+ Kd7 39.Rf6 Kc7 40.Rxg6 Rbe8 41.Rg7 Rg8
42.Kf1 Rxg7 43.Qxg7 Rg8 44.Qf6 Re8 45.c4 Bh5 46.Ne5 1-0

[Event "14th EUR-ch"]
[Site "Minsk BLR"]
[Date "2017.06.03"]
[Round "5.24"]
[White "Kravtsiv, Martyn"]
[Black "Chigaev, Maksim"]
[Result "1/2-1/2"]
[WhiteElo "2653"]
[BlackElo "2559"]
[EventDate "2017.05.30"]
[PlyCount "55"]

1.e4 c5 2.Nf3 e6 3.d4 cxd4 4.Nxd4 Nc6 5.Nc3 Qc7 6.Be2 a6 7.O-O Nf6 8.Be3 
Be7 9.f4 d6 10.Kh1 O-O 11.Qe1 Nxd4 12.Bxd4 b5 13.Qg3 Bb7 14.a3 Rac8 15.
Rae1 Bc6 16.Bf3 Qb7 17.b4 Rfd8 18.Nd1 Ne8 19.Nf2 Bf6 20.c3 Qe7 21.e5 dxe5 
22.fxe5 Bh4 23.Qh3 Bxf3 24.Qxf3 Bxf2 25.Rxf2 Nc7 26.Ref1 Rd7 27.Qc6 Qe8 
28.h3 1/2-1/2

[Event "14th EUR-ch"]
[Site "Minsk BLR"]
[Date "2017.06.03"]
[Round "5.25"]
[White "Sargissian, Gabriel"]
[Black "Harutyunian, Tigran"]
[Result "1-0"]
[WhiteElo "2650"]
[BlackElo "2523"]
[EventDate "2017.05.30"]
[PlyCount "61"]

1.d4 d5 2.c4 c6 3.Nf3 Nf6 4.e3 Bf5 5.Nc3 e6 6.Nh4 Be4 7.f3 Bg6 8.Qb3 Qc7 
9.Bd2 Be7 10.Nxg6 hxg6 11.O-O-O Nbd7 12.cxd5 cxd5 13.Kb1 Qb6 14.Qa4 a6 15.
g4 Qd8 16.Qb3 b5 17.g5 Nh5 18.e4 Nb6 19.exd5 exd5 20.f4 Qd7 21.Bg2 Rd8 22.
Ka1 O-O 23.Ne2 Nc4 24.Bc1 a5 25.Nc3 Rb8 26.Nxd5 Bd6 27.Qh3 Qa7 28.f5 Rbe8 
29.Bf3 Qd7 30.Bxh5 gxh5 31.Nf6+ 1-0

[Event "14th EUR-ch"]
[Site "Minsk BLR"]
[Date "2017.06.03"]
[Round "5.26"]
[White "Sadzikowski, Daniel"]
[Black "Lenic, Luka"]
[Result "1/2-1/2"]
[WhiteElo "2548"]
[BlackElo "2641"]
[EventDate "2017.05.30"]
[PlyCount "34"]

1.e4 e5 2.Nf3 Nc6 3.Bc4 Bc5 4.O-O Nf6 5.d3 d6 6.c3 a6 7.a4 h6 8.Na3 O-O 9.
Re1 Ba7 10.Nc2 Re8 11.Be3 Be6 12.Bxe6 Rxe6 13.Bxa7 Rxa7 14.b4 Ra8 15.a5 d5
16.Qb1 Ne7 17.Ne3 Ng6 1/2-1/2

[Event "14th EUR-ch"]
[Site "Minsk BLR"]
[Date "2017.06.03"]
[Round "5.28"]
[White "Yilmaz, Mustafa"]
[Black "Plat, Vojtech"]
[Result "1-0"]
[WhiteElo "2630"]
[BlackElo "2522"]
[EventDate "2017.05.30"]
[PlyCount "59"]

1.d4 Nf6 2.c4 e6 3.Nf3 d5 4.Nc3 Bb4 5.Bg5 h6 6.Bxf6 Qxf6 7.e3 O-O 8.Rc1 
Nc6 9.Qd3 Rd8 10.a3 Bf8 11.Be2 a6 12.O-O Na5 13.cxd5 exd5 14.b4 Nc6 15.Na4
Bd6 16.Qc3 g5 17.Nc5 g4 18.Nd2 Re8 19.Bd1 Ne7 20.e4 Ng6 21.Re1 Bf4 22.g3 
Bg5 23.Ba4 Rd8 24.exd5 Qf5 25.Nce4 Be7 26.Bb3 c6 27.d6 Bf8 28.Qe3 Bxd6 29.
Nxd6 Rxd6 30.Rc5 1-0

[Event "14th EUR-ch"]
[Site "Minsk BLR"]
[Date "2017.06.03"]
[Round "5.29"]
[White "Kovalev, Vladislav"]
[Black "Minasian, Artashes"]
[Result "1-0"]
[WhiteElo "2629"]
[BlackElo "2480"]
[EventDate "2017.05.30"]
[PlyCount "151"]

1.e4 c6 2.d4 d5 3.Nd2 g6 4.c3 Bg7 5.h4 h5 6.Ngf3 Nf6 7.e5 Ng4 8.Bd3 Bf5 9.
Bxf5 gxf5 10.Ng5 e6 11.Nf1 c5 12.f3 Nh6 13.Ng3 Ng8 14.f4 cxd4 15.Nxh5 Bf8 
16.cxd4 Nc6 17.Be3 Qa5+ 18.Kf2 Qb6 19.Rb1 Be7 20.g4 Nh6 21.Ng7+ Kf8 22.
gxf5 Kxg7 23.Rg1 Kf8 24.f6 Nf5 25.Nf3 Bd8 26.Rg5 Rc8 27.Qg1 Ncxd4 28.Nxd4 
Nxd4 29.Qd1 Rc2+ 30.Qxc2 Nxc2 31.Bxb6 Bxb6+ 32.Kg3 Nd4 33.Kg4 Nf5 34.h5 
Be3 35.Rd1 Ke8 36.Rd3 Nh6+ 37.Kf3 Bb6 38.a4 Kd7 39.Rg7 Bc5 40.a5 b6 41.
axb6 axb6 42.Rc3 Bd4 43.Rc2 Bc5 44.Rc1 Bf8 45.Rg5 Nf5 46.Ra1 Rh7 47.Ra8 
Bc5 48.Rag8 Rh6 49.Ke2 Nd4+ 50.Kd3 Nc6 51.Ra8 Nb4+ 52.Kd2 Kc6 53.Rc8+ Kb5 
54.Rc7 Rh8 55.Rxf7 Ra8 56.Rc7 Ra2 57.Rxc5+ bxc5 58.f7 Rxb2+ 59.Kd1 d4 60.
f8=Q d3 61.Rg7 Rb1+ 62.Kd2 Rb2+ 63.Kd1 Rb1+ 64.Kd2 Rb2+ 65.Ke3 Re2+ 66.Kf3
Nc2 67.Rc7 Nd4+ 68.Kg4 Rc2 69.Qd6 d2 70.Rxc5+ Rxc5 71.Qxd4 Rd5 72.Qb2+ Kc6
73.Qc2+ Kd7 74.Qd1 Ke7 75.Kf3 Kf7 76.Ke2 1-0

[Event "14th EUR-ch"]
[Site "Minsk BLR"]
[Date "2017.06.03"]
[Round "5.30"]
[White "Dastan, Muhammed Batuhan"]
[Black "Saric, Ivan"]
[Result "0-1"]
[WhiteElo "2519"]
[BlackElo "2618"]
[EventDate "2017.05.30"]
[PlyCount "104"]

1.e4 c5 2.Nf3 d6 3.d4 cxd4 4.Nxd4 Nf6 5.Nc3 a6 6.Be2 e5 7.Nb3 Be7 8.Be3 
Be6 9.Qd3 O-O 10.Nd5 Nbd7 11.O-O Bxd5 12.exd5 Rc8 13.c4 Ne8 14.Rac1 b6 15.
Kh1 Bg5 16.Qd2 Bxe3 17.Qxe3 a5 18.Nd2 f5 19.b3 Nef6 20.a3 Kh8 21.f4 Re8 
22.Nf3 exf4 23.Qd2 Nc5 24.Nd4 Qe7 25.b4 axb4 26.axb4 Nb3 27.Nxb3 Qxe2 28.
Qxf4 Qe3 29.Qxe3 Rxe3 30.Nd4 g6 31.Nc6 Ne4 32.Rf3 Re2 33.Ra3 Re8 34.h3 Nd2
35.c5 bxc5 36.bxc5 Re1+ 37.Rxe1 Rxe1+ 38.Kh2 f4 39.h4 Nf1+ 40.Kh3 Ne3 41.
Rxe3 Rxe3+ 42.Kg4 Rd3 43.cxd6 Rxd5 44.Kxf4 Rxd6 45.Ne5 Rd4+ 46.Kg3 Kg7 47.
Nf3 Ra4 48.Kh3 Kf6 49.Ng5 h6 50.Nf3 Kf5 51.Kg3 Ra3 52.Kh3 Kf4 0-1

[Event "14th EUR-ch"]
[Site "Minsk BLR"]
[Date "2017.06.03"]
[Round "5.31"]
[White "Sviridov, Valery"]
[Black "Banusz, Tamas"]
[Result "1/2-1/2"]
[WhiteElo "2504"]
[BlackElo "2616"]
[EventDate "2017.05.30"]
[PlyCount "44"]

1.d4 d5 2.c4 e6 3.Nf3 Nf6 4.g3 Bb4+ 5.Bd2 Be7 6.Bg2 O-O 7.O-O Nbd7 8.Qc2 
Ne4 9.Bf4 c6 10.Nc3 g5 11.Bc1 f5 12.Ne1 Bf6 13.e3 Qe7 14.Nd3 b6 15.b3 Bb7 
16.Bb2 Qg7 17.Rac1 Rac8 18.Ne2 c5 19.Rfd1 Rfe8 20.dxc5 bxc5 21.Bxf6 Qxf6 
22.Qb2 Qxb2 1/2-1/2

[Event "14th EUR-ch"]
[Site "Minsk BLR"]
[Date "2017.06.03"]
[Round "5.32"]
[White "Hamitevici, Vladimir"]
[Black "Erdos, Viktor"]
[Result "1/2-1/2"]
[WhiteElo "2487"]
[BlackElo "2614"]
[EventDate "2017.05.30"]
[PlyCount "120"]

1.e4 c5 2.Be2 Nc6 3.f4 d5 4.d3 Nf6 5.e5 Ng8 6.c3 Nh6 7.Nf3 Bg4 8.h3 Bxf3 
9.Bxf3 e6 10.g4 Qh4+ 11.Ke2 f6 12.exf6 Nf7 13.fxg7 Bxg7 14.Kd2 O-O-O 15.
Kc2 e5 16.Qe1 Qe7 17.Qg3 c4 18.dxc4 e4 19.Bg2 d4 20.Re1 dxc3 21.Nxc3 Rd3 
22.Qf2 Bd4 23.Qe2 Bxc3 24.bxc3 Rxc3+ 25.Kb1 Qb4+ 26.Bb2 Rd8 27.Bxe4 Nd4 
28.Qf2 Rxc4 29.a3 Qb6 30.Qe3 Nd6 31.Bd5 Re8 32.Qf2 Rxe1+ 33.Qxe1 Rc5 34.
Qe5 Rb5 35.Ra2 Qa5 36.Qh8+ Kc7 37.Qg7+ Kc8 38.Qxd4 Rxd5 39.Qc3+ Qxc3 40.
Bxc3 Rd3 41.Bb4 Nc4 42.Rf2 a5 43.Bf8 Kd7 44.h4 Ke8 45.Bg7 Rxa3 46.h5 Kf7 
47.h6 Rb3+ 48.Kc1 Rg3 49.g5 b5 50.Bf6 Rg1+ 51.Kc2 Ne3+ 52.Kd3 Ng4 53.Rc2 
Nxf6 54.Rc7+ Kf8 55.gxf6 Rg6 56.Rxh7 Rxf6 57.Rh8+ Kf7 58.h7 Kg7 59.Rb8 
Kxh7 60.Rxb5 Rxf4 1/2-1/2

[Event "14th EUR-ch"]
[Site "Minsk BLR"]
[Date "2017.06.03"]
[Round "5.33"]
[White "Mikaelyan, Arman"]
[Black "Hracek, Zbynek"]
[Result "1/2-1/2"]
[WhiteElo "2444"]
[BlackElo "2612"]
[EventDate "2017.05.30"]
[PlyCount "30"]

1.d4 Nf6 2.c4 e6 3.Nf3 d5 4.Nc3 c5 5.e3 cxd4 6.exd4 Bb4 7.cxd5 Nxd5 8.Bd2 
Nc6 9.Bd3 O-O 10.O-O Be7 11.Re1 Bf6 12.Nxd5 Qxd5 13.Be4 Qd6 14.Qc2 h6 15.
Be3 Rd8 1/2-1/2

[Event "14th EUR-ch"]
[Site "Minsk BLR"]
[Date "2017.06.03"]
[Round "5.34"]
[White "Alekseev, Evgeny"]
[Black "Kantans, Toms"]
[Result "0-1"]
[WhiteElo "2610"]
[BlackElo "2473"]
[EventDate "2017.05.30"]
[PlyCount "120"]

1.e4 c5 2.Nf3 d6 3.d4 cxd4 4.Nxd4 Nf6 5.Nc3 a6 6.Be2 e5 7.Nb3 Be6 8.O-O 
Nbd7 9.a4 Rc8 10.Re1 Be7 11.Bf3 O-O 12.a5 Nc5 13.Be3 Qc7 14.Nd2 Bd7 15.Nf1
b5 16.axb6 Qxb6 17.Rb1 Qb7 18.Ng3 Rfe8 19.Bg5 Be6 20.Nf1 Ncd7 21.Ne3 h6 
22.Bh4 Qb4 23.h3 Bd8 24.Re2 Nb6 25.Rd2 Nh7 26.Bxd8 Rexd8 27.Ncd5 Bxd5 28.
c3 Qc5 29.Nxd5 Nxd5 30.Rxd5 Qb6 31.Qc2 Nf6 32.Rd2 Rc6 33.Rbd1 Rb8 34.Re1 
a5 35.Ra1 g6 36.Qa4 Rc5 37.Be2 Kg7 38.Rad1 Qb7 39.Bd3 h5 40.Re1 h4 41.Qd1 
Qc6 42.Qe2 Rb6 43.Ra1 Qb7 44.Ra2 d5 45.exd5 Rxd5 46.Bc4 Rc5 47.b3 Ne4 48.
Rd3 Nd6 49.Rad2 Nxc4 50.bxc4 Rb1+ 51.Kh2 e4 52.Rd6 Qe7 53.Rd1 Rxd1 54.Rxd1
Qc7+ 55.Kg1 Rxc4 56.Qe3 a4 57.Qd2 a3 58.Qd5 Rxc3 59.Qd4+ Kg8 60.Qxe4 Rc1 
0-1

[Event "14th EUR-ch"]
[Site "Minsk BLR"]
[Date "2017.06.03"]
[Round "5.35"]
[White "Moroni, Luca jr"]
[Black "Onischuk, Vladimir"]
[Result "0-1"]
[WhiteElo "2448"]
[BlackElo "2608"]
[EventDate "2017.05.30"]
[PlyCount "72"]

1.d4 Nf6 2.Nf3 g6 3.g3 Bg7 4.Bg2 O-O 5.c4 d6 6.Nc3 Nbd7 7.O-O e5 8.e4 c6 
9.b3 Re8 10.h3 b6 11.Bb2 Bb7 12.Re1 a6 13.d5 cxd5 14.cxd5 b5 15.Nd2 Qb6 
16.Bf1 Bh6 17.b4 Rec8 18.Nb3 Rc7 19.Qf3 Rac8 20.Red1 Rxc3 21.Bxc3 Rxc3 22.
Qxc3 Nxe4 23.Qc2 Nxf2 24.Kh2 Nxd1 25.Rxd1 Nf6 26.Bg2 Kg7 27.Na5 Ba8 28.Qc8
Qe3 29.Qc2 Bg5 30.Nc6 h5 31.Nd8 h4 32.Qb3 hxg3+ 33.Kh1 Qf2 34.Nc6 Bf4 35.
Rf1 Qe2 36.a4 Ne4 0-1

[Event "14th EUR-ch"]
[Site "Minsk BLR"]
[Date "2017.06.03"]
[Round "5.36"]
[White "Bosiocic, Marin"]
[Black "Costachi, Mihnea"]
[Result "1-0"]
[WhiteElo "2603"]
[BlackElo "2460"]
[EventDate "2017.05.30"]
[PlyCount "105"]

1.e4 e5 2.Nf3 Nc6 3.Bb5 a6 4.Ba4 Nf6 5.O-O Be7 6.Re1 b5 7.Bb3 d6 8.c3 O-O 
9.h3 Bb7 10.d4 Nd7 11.Nbd2 exd4 12.cxd4 Bf6 13.Nf1 Na5 14.Bc2 Re8 15.Ng3 
g6 16.Rb1 c5 17.d5 Nc4 18.Nh2 Bg7 19.b3 Ncb6 20.Ng4 Qh4 21.Be3 Ne5 22.Qc1 
Nxg4 23.Bg5 Bh6 24.Bxh4 Bxc1 25.Rexc1 Ne5 26.f4 Ned7 27.a4 Kg7 28.Bd3 c4 
29.bxc4 Nc5 30.Bf1 Nbxa4 31.cxb5 Nxe4 32.Nxe4 Rxe4 33.Rc7 Bxd5 34.bxa6 Nc5
35.Rd1 Ne6 36.Re7 Bc4 37.Bxc4 Rxc4 38.Rxd6 Rxf4 39.Bf2 Kf6 40.Rdd7 Rxa6 
41.Rxf7+ Ke5 42.Bg3 h5 43.Rd1 g5 44.h4 Ra3 45.Re1+ Kd6 46.Bh2 Kd5 47.Bxf4 
gxf4 48.Rf5+ Kd6 49.Rxh5 Re3 50.Rxe3 fxe3 51.Rh6 Ke5 52.Rxe6+ Kxe6 53.Kf1 
1-0

[Event "14th EUR-ch"]
[Site "Minsk BLR"]
[Date "2017.06.03"]
[Round "5.37"]
[White "Pashikian, Arman"]
[Black "Filipets, Egor"]
[Result "1-0"]
[WhiteElo "2603"]
[BlackElo "2328"]
[EventDate "2017.05.30"]
[PlyCount "85"]

1.d4 f5 2.Nf3 Nf6 3.g3 g6 4.Bg2 Bg7 5.O-O O-O 6.c4 d6 7.Nc3 c6 8.b3 Na6 9.
Re1 Qc7 10.Ba3 Ne4 11.Qc2 Nxc3 12.Qxc3 Nc5 13.Rad1 Ne4 14.Qc2 Qa5 15.Bb2 
Be6 16.Nd2 d5 17.Nf1 Rad8 18.f3 Ng5 19.cxd5 cxd5 20.a4 Rc8 21.Qd3 f4 22.
Ba3 Bf5 23.Qd2 Qxd2 24.Rxd2 Ne6 25.e3 fxe3 26.Nxe3 Bxd4 27.Bb2 Bb6 28.b4 
a5 29.Kh1 Bxe3 30.Rxe3 d4 31.Re1 Kf7 32.bxa5 Rc5 33.Bf1 Rfc8 34.a6 bxa6 
35.Bxa6 Rc2 36.Red1 Rxd2 37.Rxd2 Rc2 38.Rxc2 Bxc2 39.a5 d3 40.Bc3 Ke8 41.
Bb7 Kd7 42.a6 Kc7 43.Bd5 1-0

[Event "14th EUR-ch"]
[Site "Minsk BLR"]
[Date "2017.06.03"]
[Round "5.38"]
[White "Danin, Alexandre"]
[Black "Yakovenko, Dmitry"]
[Result "1/2-1/2"]
[WhiteElo "2543"]
[BlackElo "2718"]
[EventDate "2017.05.30"]
[PlyCount "124"]

1.e4 c5 2.Nf3 d6 3.d4 Nf6 4.Nc3 cxd4 5.Nxd4 a6 6.Be2 e5 7.Nb3 Be7 8.Bg5 
Be6 9.Bxf6 Bxf6 10.Qd3 Nc6 11.Nd5 Bg5 12.Rd1 Rc8 13.c3 O-O 14.h3 Ne7 15.
Nxe7+ Bxe7 16.Bg4 b5 17.Nd2 Qd7 18.Bxe6 fxe6 19.O-O Qc6 20.Rfe1 Rf4 21.Re3
Qc5 22.Rf3 Rxf3 23.Qxf3 Rf8 24.Qe3 Qc6 25.Qd3 Rf4 26.c4 bxc4 27.Qxc4 Qxc4 
28.Nxc4 d5 29.Nxe5 Rxe4 30.Nd3 Bf6 31.Kf1 Rc4 32.Ke2 Kf7 33.b3 Rc2+ 34.Rd2
Rc8 35.Ne1 Ke7 36.Rc2 Ra8 37.Nd3 Kd6 38.Nc5 Ra7 39.Kd3 e5 40.f3 a5 41.Na4 
h5 42.Rc5 Bd8 43.Rb5 Ke6 44.Nc5+ Kf5 45.g4+ Kf4 46.Ke2 Kg3 47.gxh5 Bf6 48.
Nd3 d4 49.a4 Rc7 50.Rxa5 Rc2+ 51.Kd1 Rc3 52.Nxe5 Rxb3 53.Ng4 Rxf3 54.Nxf6 
Rxf6 55.Kd2 Kxh3 56.Kd3 Kg4 57.Re5 g6 58.hxg6 Rxg6 59.a5 Rd6 60.Re4+ Kf5 
61.Rxd4 Ke5 62.Rxd6 Kxd6 1/2-1/2